LEADER 02154nam1-22005651i-450 001 990007484380403321 005 20200331133955.0 010 $a88-8096-552-2 035 $a000748438 035 $aFED01000748438 035 $a(Aleph)000748438FED01 035 $a000748438 100 $a20030814d1997----km-y0itay50------ba 101 0 $aita 102 $aIT 105 $aa-------001yy 200 1 $aTurismo e diffusione territoriale dello sviluppo sostenibile$eridefinizione degli interventi e politiche appropriate$fa cura di Francesco Citarella 210 $aNapoli$cLoffredo$d1997 215 $aXV, 442 p.$cill.$d24 cm 225 1 $aCollana dell'Osservatorio per la programmazione dello sviluppo sostenibile e l'assetto del territorio$v1 300 $aNell'occhiello: Scienza e impresa per un turismo come cultura dell'incontro: 6. Convegno nazionale-1. Convegno europeo, Comitato scientifico nazionale interdisciplinare Psicologia e turismo : Ravello, 4-7 ottobre 1995 : atti della 2. sezione. 610 0 $aBeni culturali$aValorizzazione$aSviluppo sostenibile 610 0 $aBeni ambientali$aTurismo 610 0 $aSviluppo economico e pianificazione territoriale$aInterventi pubblici$aCongressi Ravello 1995 676 $a338.4791 676 $a046.002 676 $a338.4791 702 1$aCitarella,$bFrancesco 712 02$aConvegno nazionale$d<6. ;$e1995 ;$fRavello> 712 02$aConvegno europeo$d<1. ;$e1995 ;$fRavello> 801 0$aIT$bUNINA$gRICA$2UNIMARC 901 $aBK 912 $a990007484380403321 952 $a046.002.CIT$b1207/1378$fDECGE 952 $a1504 sez. Andriello$b1504$fDARPU 952 $aVII B 116$b32271$fFSPBC 952 $a046.002.CIT$b1207$fDECGE 952 $aGEOIND6A$b10661A$fDECBC 952 $aGEOIND6B$b10661B$fDECBC 952 $aURB.LE B 1565$b9562$fFARBC 952 $aURB.LE B 1695$b9756$fFARBC 952 $aA-G 0503$bB.F.L.F.30238$fILFGE 959 $aDARPU 959 $aFSPBC 959 $aDECGE 959 $aFARBC 959 $aILFGE 959 $aDECBC 996 $aTurismo e diffusione territoriale dello sviluppo sostenibile$965922 997 $aUNINA LEADER 02560nam 22005894a 450 001 9910455776303321 005 20200520144314.0 010 $a0-309-50983-1 035 $a(CKB)111069351124276 035 $a(SSID)ssj0000097454 035 $a(PQKBManifestationID)11113138 035 $a(PQKBTitleCode)TC0000097454 035 $a(PQKBWorkID)10113813 035 $a(PQKB)10567029 035 $a(MiAaPQ)EBC3375467 035 $a(Au-PeEL)EBL3375467 035 $a(CaPaEBR)ebr10038741 035 $a(OCoLC)923256578 035 $a(EXLCZ)99111069351124276 100 $a20010827d2001 uy 0 101 0 $aeng 135 $aurcn||||||||| 181 $ctxt 182 $cc 183 $acr 200 00$aAdolescent risk and vulnerability$b[electronic resource] $econcepts and measurement /$fBaruch Fischhoff, Elena O. Nightingale, Joah G. Iannotta, editors 210 $aWashington $cNational Academy Press$dc2001 215 $axi, 152 p. $cill 300 $aBibliographic Level Mode of Issuance: Monograph 311 $a0-309-07620-X 320 $aIncludes bibliographical references. 327 $t1. Introduction: Adolescent risk and vulnerability: approaches to setting priorities to reduce their burden --$t2. Perceptions of risk and vulnerability /$rBaruch Fischhoff and Elena O. Nightingale --$t3. Vulnerability, risk, and protection /$rSusan G. Millstein and Bonnie L. Halpern-Felsher --$t4. Modeling the payoffs of interventions to reduce adolescent vulnerability /$rRobert William Blum, Clea McNeely, and James Nonnemaker --$t5. Adolescent vulnerability: measurement and priority setting /$rMartha R. Burt, Janine M. Zweig, and John Roman. 606 $aRisk-taking (Psychology) in adolescence$zUnited States$vCongresses 606 $aTeenagers$zUnited States$xSocial conditions$vCongresses 606 $aTeenagers$xHealth risk assessment$zUnited States$vCongresses 606 $aYouth$xGovernment policy$zUnited States$vCongresses 608 $aElectronic books. 615 0$aRisk-taking (Psychology) in adolescence 615 0$aTeenagers$xSocial conditions 615 0$aTeenagers$xHealth risk assessment 615 0$aYouth$xGovernment policy 676 $a362.7/083/0973 701 $aFischhoff$b Baruch$f1946-$0877988 701 $aNightingale$b Elena O$0954803 701 $aIannotta$b Joah G$0950238 801 0$bMiAaPQ 801 1$bMiAaPQ 801 2$bMiAaPQ 906 $aBOOK 912 $a9910455776303321 996 $aAdolescent risk and vulnerability$92447657 997 $aUNINA LEADER 01036nam a2200277 i 4500 001 991000916999707536 005 20020502181032.0 008 940908s1993 it ||| | ita 020 $a8825100779 035 $ab11436670-39ule_inst 035 $aPRUMB51442$9ExL 040 $aScuola per assistenti sociali$bita 082 0 $a361 100 1 $aSardella, Maria Vittoria$0526479 245 10$aAnimazione per gli anziani /$cMaria Vittoria Sardella, Aldo Terracciano 260 $aMilano :$bCittà studi,$c1993 300 $a215 p. ;$c21 cm. 490 0 $aAnimazione e tempo libero 650 4$aAnziani$xAssistenza 700 1 $aTerracciano, Aldo$eauthor$4http://id.loc.gov/vocabulary/relators/aut$0734820 907 $a.b11436670$b01-03-17$c01-07-02 912 $a991000916999707536 945 $aLE024 SS/B IV 11$g1$iLE024N-2808$lle021$nex DUSS$o-$pE0.00$q-$rl$s- $t0$u0$v0$w0$x0$y.i11621308$z01-07-02 996 $aAnimazione per gli anziani$91451269 997 $aUNISALENTO 998 $ale021$b01-01-94$cm$da $e-$fita$git $h0$i1